Strategic Business Responses to the COVID-19 Crisis Adaptation, Innovation, and Consumer Shifts

Bibliographic Details
Main Author: Szabó Ádám
Other Authors: Kozák Dr. Tamás József
Soós Dr. Gabriella
Format: Thesis
Kulcsszavak:.NET Framework
consumers' preferences
corporations management.
risk management
strategic planning
strategy
Online Access:http://dolgozattar.uni-bge.hu/59712

MARC

LEADER 00000nta a2200000 i 4500
001 dolg59712
005 20260409145449.0
008 260409suuuu hu om 000 eng d
040 |a BGE Dolgozattár Repozitórium  |b hun 
041 |a en 
100 1 |a Szabó Ádám 
245 1 0 |a Strategic Business Responses to the COVID-19 Crisis  |b Adaptation, Innovation, and Consumer Shifts  |c Szabó Ádám  |h [elektronikus dokumentum] 
520 3 |a The COVID-19 pandemic has caused a major surprise and downturn in the business world, putting pressure on companies to rethink their strategy and quickly adjust to previously unknown conditions. This article explores the different aspects that were involved in making strategic decisions during the time of this crisis, with examples of how actual multinational companies developed and put strategies in execution to deal with the challenges presented by the COVID-19 pandemic and come out stronger in the following years. As companies fight for success in the face of uncertainty, we examine at the deep connection between strategies and business, including factors like creativity, cooperation, and prediction. To fully understand practical solutions to the COVID-19 pandemic, it is necessary to analyze the negative effects it has had on enterprises across industries. Companies have been forced by the pandemic to rethink their operating processes and face existential concerns, ranging from supply chain disruptions to transforming customer preferences and the rapid speed of digital development. In light of this, companies have implemented a wide range of measures that reduce the impacts of the financial crisis and set themselves up for long-term success. 
695 |a .NET Framework 
695 |a consumers' preferences 
695 |a corporations management. 
695 |a risk management 
695 |a strategic planning 
695 |a strategy 
700 1 |a Kozák Dr. Tamás József  |e ths 
700 1 |a Soós Dr. Gabriella  |e ths 
856 4 0 |u http://dolgozattar.uni-bge.hu/59712/1/szakdolgozat_szaboadam_kesz.pdf  |z Dokumentum-elérés 
856 4 0 |u http://dolgozattar.uni-bge.hu/59712/2/BA%20KM%20angol%20b%C3%ADr%C3%A1lati%20lap%20Szab%C3%B3%C3%81.pdf  |z Dokumentum-elérés 
856 4 0 |u http://dolgozattar.uni-bge.hu/59712/3/BA_KM_angol_SzaboAdam_SoosG.pdf  |z Dokumentum-elérés